Využívanie obnoviteľných zdrojov energie so zameraním na vodné zdroje v podmienkach SR diplomová práca

Salvato in:
Dettagli Bibliografici
Autore principale: Sojková, Barbora
Ente Autore: Obchodná fakulta EU. Katedra medzinárodného obchodu
Altri autori: Verček, Peter
Natura: Libro
Lingua:slovacco
Pubblicazione: Bratislava 2011
Tags: Aggiungi Tag
Nessun Tag, puoi essere il primo ad aggiungerne!!

MARC

LEADER 00000nbm a2200000 4500
001 0131814
005 20161109101734.1
041 0 |a slo 
044 |a SK 
245 1 0 |a Využívanie obnoviteľných zdrojov energie so zameraním na vodné zdroje v podmienkach SR  |b diplomová práca  |c Barbora Sojková ; školiteľ: Peter Verček 
264 1 |a Bratislava  |c 2011 
300 |a 77 s. 
100 1 |a Sojková, Barbora 
700 1 |a Verček, Peter 
710 2 |a Obchodná fakulta EU. Katedra medzinárodného obchodu